Normal view
MARC view
- Hurley, James Frederick
Entry Personal Name
001 - CONTROL NUMBER
- control field: 102849
003 - CONTROL NUMBER IDENTIFIER
- control field: NUST
005 - DATE AND TIME OF LATEST TRANSACTION
- control field: 20221117125552.0
008 - FIXED-LENGTH DATA ELEMENTS
- fixed length control field: 221117|| aca||aabn | a|a d
040 ## - CATALOGING SOURCE
- Original cataloging agency: NUST
- Transcribing agency: NUST
100 ## - HEADING--PERSONAL NAME
- Personal name: Hurley, James Frederick
670 ## - SOURCE DATA FOUND
- Source citation: Work cat.: (NUST)217729: Hurley, James Frederick,, Calculus /, c1987
